MARC
| LEADER | 00000cam a2200000 7i4500 | ||
|---|---|---|---|
| 001 | 0000000552 | ||
| 002 | 000000639 | ||
| 005 | 20081205.0 | ||
| 020 | |a T000000137 | ||
| 090 | 0 | 0 | |a 338.19 |b BRO |
| 100 | 1 | |a Brown, Lister R | |
| 245 | 1 | 0 | |a Krisis makanan |c Liser R. Brown dan Eric P. Eckholm, terjemahan Abdul Wahid Ghazali |
| 260 | |a Kuala Lumpur : |b DBP , |c 1985 | ||
| 300 | |a 316p | ||
| 650 | 0 | 0 | |a Famines |x Nutrition |
| 700 | 0 | |a Eckholm, Eric P# . |a Abdul Wahid Ghazali | |
| 999 | |a 3395 |b BUKU |c PINJAMAN |e PERPUSTAKAAN KOMUNITI PETALING JAYA | ||